Представление документа в формате MARC21

Поле Инд. ПП Название Значение
Тип записи a
Библиографический уровень b
001 Контрольный номер RU/IS/BASE/421869598
005 Дата корректировки 20200601191433.3
008 Кодируемые данные 20130514
041 a Код языка текста eng
084 a Индекс другой классификации/Индекс ББК 60.8(2Рос); 65.245
100 1_ a Автор Тищенко Е. Н.
q Полное имя Тищенко Евгений Николаевич
245 a Заглавие Состав и соотношение стимулирующих элементов оплаты труда государственных служащих в Российской Федерации и зарубежных странах
500 a Примечание Аннотация статьи на английском языке: с. 211
504 a Библиография Лит. в конце статьи. - Примеч.
520 a Аннотация Приведен анализ элементов оплаты труда государственных служащих зарубежных стран и России. Рассмотрены выплаты государственным служащим в международной практике, определены соотношения между постоянными и переменными частями оплаты. Уделяется внимание элементам оплаты по результатам. Проанализированы недостатки системы оплаты труда на государственной службе в России, даны рекомендации по совершенствованию структуры денежного содержания и сближению российской практики с современными моделями стимулирования по результатам.
650 a Основная рубрика оплата труда
a Основная рубрика социальное управление
a Основная рубрика экономика
a Основная рубрика экономика труда
653 a Ключевые слова государственная служба
a Ключевые слова государственное управление
a Ключевые слова государственные гражданские служащие
a Ключевые слова государственные служащие
a Ключевые слова государственные услуги
a Ключевые слова гражданские служащие
a Ключевые слова денежное содержание
a Ключевые слова должностной оклад
a Ключевые слова Канада
a Ключевые слова надбавки
a Ключевые слова оплата по результатам
a Ключевые слова премии
a Ключевые слова Россия
a Ключевые слова стимулирование оплаты труда
a Ключевые слова стимулирование результативности
a Ключевые слова стимулирование труда
a Ключевые слова управление оплатой труда
a Ключевые слова управление результативностью
a Ключевые слова управление трудом
a Ключевые слова эффективность государственных органов
a Ключевые слова эффективность государственных служащих
a Ключевые слова эффективность управления
773 t Заглавие источника Вопросы государственного и муниципального управления
d Дата издания источника 2012
g Прочая информация № 4. - С. 160 - 168 : табл., диагр.
w Контрольный № источника RU/IS/BASE/414172742
901 t Тип документа b